000 00651nam a2200241Ia 4500
003 OSt
005 20220925221759.0
006 a|||||r|||| 00| 0
007 ta
008 220923b |||||||| |||| 00| 0 eng d
037 _cGeneral Book
040 _aRTL
_cRTL
_beng
041 _2eng
_aeng
082 _aY5:g(W), L8
100 _aWright Erik Olin
_936953
245 0 _aClass, crisis and state
260 _aLondon
_bNLB
_c1978
300 _a226p
_ccm.
500 _aBibliography: p 255-260
650 _aSocial Stratification
_9229881
942 _hY5:g(W), L8
_cGB
_2CC
999 _c575320
_d575320